[Event "Moscow Aeroflot op-A 18th"]
[Site "Moscow"]
[Date "2019.02.20"]
[Round "1"]
[White "Sychev, Klementy"]
[Black "Sasikiran, Krishnan"]
[Result "0-1"]
[WhiteElo "2545"]
[BlackElo "2678"]
[PlyCount "94"]
[EventDate "2019.02.20"]
[EventType "swiss"]
[EventRounds "9"]
[EventCountry "RUS"]
[SourceTitle "CBM 189"]
[Source "ChessBase"]
[SourceDate "2019.04.29"]
[SourceVersion "1"]
[SourceVersionDate "2019.04.29"]
[SourceQuality "1"]

1. e4 e5 2. Nf3 Nc6 3. Bb5 a6 4. Ba4 Nf6 5. O-O Nxe4 6. d4 b5 7. Bb3 d5 8. dxe5
Be6 9. c3 Be7 10. Bf4 Nc5 11. Nd4 Nxd4 12. cxd4 Nxb3 13. Qxb3 O-O 14. Rc1 Rc8
15. Qe3 c5 16. dxc5 d4 17. Qa3 d3 18. Be3 Qd5 19. Nd2 Qxe5 20. b4 Qd5 21. Qxa6
Bh3 22. gxh3 Rc6 23. Qxc6 Qxc6 24. Rd1 h5 25. Nf1 Rd8 26. Rac1 h4 27. Rd2 Bf6
28. a3 Be5 29. f4 Bf6 30. Bf2 Rd7 31. Ne3 Qe4 32. Ng2 Qf3 33. c6 Rc7 34. Rcd1
Qxh3 35. Rxd3 Qe6 36. Nxh4 Rxc6 37. Ng2 Rc2 38. Re1 Qc6 39. Rg3 Rc1 40. Rd3
Rxe1+ 41. Nxe1 Qe4 42. Rf3 Bb2 43. Bg3 Bc3 44. Rf1 Bd4+ 45. Bf2 Qxf4 46. Kg2
Qg4+ 47. Kh1 Qe2 0-1

[Event "Moscow Aeroflot op-A 18th"]
[Site "Moscow"]
[Date "2019.02.20"]
[Round "1"]
[White "Tahbaz, Arash"]
[Black "Idani, Pouya"]
[Result "1/2-1/2"]
[WhiteElo "2484"]
[BlackElo "2604"]
[PlyCount "54"]
[EventDate "2019.02.20"]
[EventType "swiss"]
[EventRounds "9"]
[EventCountry "RUS"]
[SourceTitle "CBM 189"]
[Source "ChessBase"]
[SourceDate "2019.04.29"]
[SourceVersion "1"]
[SourceVersionDate "2019.04.29"]
[SourceQuality "1"]

1. e4 c5 2. Nc3 d6 3. d4 cxd4 4. Qxd4 Nc6 5. Qd2 g6 6. b3 Bh6 7. f4 Nf6 8. Bb2
O-O 9. O-O-O a5 10. a4 Nb4 11. Kb1 Qb6 12. Nge2 Be6 13. Nd4 Rac8 14. Nxe6 fxe6
15. g3 e5 16. Bh3 Rc5 17. Be6+ Kh8 18. Rhf1 Qc6 19. Qe1 Bg7 20. f5 Nxe4 21.
Nxe4 Rxc2 22. Bc3 Rxh2 23. g4 Nc2 24. Qg3 Re2 25. Bd5 Na3+ 26. Ka1 Nc2+ 27. Kb1
Na3+ 1/2-1/2

[Event "Moscow Aeroflot op-A 18th"]
[Site "Moscow"]
[Date "2019.02.20"]
[Round "1"]
[White "Vishnu, Prasanna V"]
[Black "Sarana, Alexey"]
[Result "0-1"]
[WhiteElo "2524"]
[BlackElo "2630"]
[PlyCount "150"]
[EventDate "2019.02.20"]
[EventType "swiss"]
[EventRounds "9"]
[EventCountry "RUS"]
[SourceTitle "CBM 189"]
[Source "ChessBase"]
[SourceDate "2019.04.29"]
[SourceVersion "1"]
[SourceVersionDate "2019.04.29"]
[SourceQuality "1"]

1. Nf3 d5 2. b3 Nf6 3. Bb2 g6 4. c4 dxc4 5. bxc4 c5 6. g3 Bg7 7. Bg2 O-O 8. O-O
Nc6 9. Na3 Bg4 10. Rb1 Qd7 11. Nc2 Rad8 12. d3 b6 13. Ne3 Bh3 14. Ne5 Nxe5 15.
Bxe5 h5 16. Bxh3 Qxh3 17. Bxf6 Bxf6 18. Qa4 h4 19. Qc6 hxg3 20. hxg3 Kg7 21.
Qg2 Qh5 22. g4 Qh4 23. Qh2 Rd4 24. Qxh4 Bxh4 25. Kg2 Bg5 26. Kg3 Bf4+ 27. Kf3
Be5 28. Rh1 e6 29. Rbg1 Rf4+ 30. Kg2 Kf6 31. g5+ Ke7 32. Kf1 Rd8 33. Ng4 Bg7
34. Rh7 Kf8 35. Nh2 Kg8 36. Rh3 b5 37. cxb5 Rb8 38. Rf3 Rh4 39. Ng4 Rxb5 40.
Rgg3 Rb4 41. e4 Rb1+ 42. Kg2 Rhh1 43. Rf4 Rbg1+ 44. Kf3 Rd1 45. e5 Rhe1 46. Kg2
Rxe5 47. Nf6+ Bxf6 48. gxf6 Rd2 49. a3 a5 50. Ra4 Rf5 51. Rf3 Rxf3 52. Kxf3
Rxd3+ 53. Ke2 Rd5 54. Rxa5 Re5+ 55. Kf1 g5 56. Ra7 c4 57. Rc7 Ra5 58. Rxc4 Kh7
59. a4 Kg6 60. Ke2 Kxf6 61. Kd3 Ke5 62. f3 Kd6 63. Rb4 Kd5 64. Rg4 f6 65. Rd4+
Kc5 66. Rc4+ Kd6 67. Rb4 f5 68. Rb6+ Kd5 69. Rb4 Kc6 70. Kd2 Rd5+ 71. Ke2 Re5+
72. Kf2 Ra5 73. Kg3 Kc5 74. Rb8 Rxa4 75. Rg8 g4 0-1

[Event "Moscow Aeroflot op-A 18th"]
[Site "Moscow"]
[Date "2019.02.20"]
[Round "1"]
[White "Xu, Yinglun"]
[Black "Paravyan, David"]
[Result "1/2-1/2"]
[WhiteElo "2512"]
[BlackElo "2627"]
[PlyCount "56"]
[EventDate "2019.02.20"]
[EventType "swiss"]
[EventRounds "9"]
[EventCountry "RUS"]
[SourceTitle "CBM 189"]
[Source "ChessBase"]
[SourceDate "2019.04.29"]
[SourceVersion "1"]
[SourceVersionDate "2019.04.29"]
[SourceQuality "1"]

1. d4 d5 2. c4 e6 3. Nf3 Nf6 4. Nc3 Bb4 5. Bg5 h6 6. Bxf6 Qxf6 7. e3 O-O 8. Rc1
Nd7 9. Qb3 c5 10. cxd5 exd5 11. Qxd5 Nb6 12. Qe5 Qxe5 13. Nxe5 cxd4 14. exd4
Rd8 15. a3 Be7 16. Nf3 Bf6 17. Be2 Bxd4 18. Nxd4 Rxd4 19. Rd1 Rxd1+ 20. Kxd1
Be6 21. Bd3 Rc8 22. Re1 Kf8 23. Kd2 Nc4+ 24. Bxc4 Rxc4 25. g3 Ke7 26. Kd3 Rc6
27. Re4 Rd6+ 28. Ke3 Kd7 1/2-1/2

[Event "Moscow Aeroflot op-A 18th"]
[Site "Moscow"]
[Date "2019.02.20"]
[Round "1"]
[White "Yakubboev, Nodirbek"]
[Black "Schitco, Ivan"]
[Result "1/2-1/2"]
[WhiteElo "2569"]
[BlackElo "2426"]
[PlyCount "148"]
[EventDate "2019.02.20"]
[EventType "swiss"]
[EventRounds "9"]
[EventCountry "RUS"]
[SourceTitle "CBM 189"]
[Source "ChessBase"]
[SourceDate "2019.04.29"]
[SourceVersion "1"]
[SourceVersionDate "2019.04.29"]
[SourceQuality "1"]

1. c4 Nf6 2. d4 e6 3. Nf3 d5 4. g3 dxc4 5. Bg2 a6 6. O-O Nc6 7. e3 Bd7 8. Qe2
Bd6 9. Qxc4 O-O 10. Rd1 Rb8 11. Qc2 e5 12. dxe5 Nxe5 13. Nxe5 Bxe5 14. e4 Qe8
15. Nd2 Ba4 16. Nb3 Rd8 17. Rxd8 Qxd8 18. Be3 Ng4 19. Bc5 Bd6 20. Rd1 Qf6 21.
Bxd6 cxd6 22. h3 Ne5 23. Qc3 Qe7 24. Rc1 Bxb3 25. Qxb3 g6 26. Qb6 Nc6 27. b4
Qg5 28. Rd1 Qb5 29. Qxb5 axb5 30. Rxd6 Ra8 31. Rd5 Rxa2 32. Rxb5 Ra1+ 33. Kh2
Rb1 34. e5 Rb2 35. Kg1 Rb1+ 36. Kh2 Rb2 37. Rxb7 Nxb4 38. Kg1 Nd3 39. Rxb2 Nxb2
40. Bf1 Na4 41. Kg2 Nc5 42. Kf3 f6 43. Bc4+ Kg7 44. Kf4 fxe5+ 45. Kxe5 Nd7+ 46.
Ke6 Nf6 47. Bd3 g5 48. Ke5 h6 49. Bf5 Ng8 50. Be6 Nf6 51. Kf5 Nh7 52. Kg4 Nf6+
53. Kf3 Nh7 54. g4 Nf6 55. Ke3 Nh7 56. Ke4 Nf6+ 57. Kf3 Nh7 58. Kg3 Nf6 59. f3
Nh7 60. h4 gxh4+ 61. Kxh4 Nf6 62. Kg3 Kg6 63. Kf4 Kg7 64. Ke5 Kg6 65. Bf5+ Kf7
66. Bc2 Nd7+ 67. Kd6 Nf6 68. Bf5 Ne8+ 69. Ke5 Nf6 70. f4 Kg7 71. Ke6 Ng8 72. g5
hxg5 73. fxg5 Nh6 74. gxh6+ Kxh6 1/2-1/2

[Event "Moscow Aeroflot op-A 18th"]
[Site "Moscow"]
[Date "2019.02.20"]
[Round "1"]
[White "Yuffa, Daniil"]
[Black "Chen, Qi B"]
[Result "1-0"]
[WhiteElo "2578"]
[BlackElo "2443"]
[PlyCount "81"]
[EventDate "2019.02.20"]
[EventType "swiss"]
[EventRounds "9"]
[EventCountry "RUS"]
[SourceTitle "CBM 189"]
[Source "ChessBase"]
[SourceDate "2019.04.29"]
[SourceVersion "1"]
[SourceVersionDate "2019.04.29"]
[SourceQuality "1"]

1. d4 Nf6 2. c4 e6 3. Nf3 d5 4. Nc3 Nbd7 5. Bg5 h6 6. Bh4 Be7 7. e3 O-O 8. Qc2
c5 9. Rd1 Qa5 10. a3 dxc4 11. Bxc4 Nb6 12. Ba2 Nbd5 13. O-O Nxc3 14. bxc3 Bd7
15. Ne5 Rfd8 16. Rb1 Qc7 17. f4 Be8 18. Qb3 Nd5 19. Bxe7 Qxe7 20. e4 Nb6 21. f5
cxd4 22. fxe6 f6 23. Ng4 Bh5 24. Nxf6+ gxf6 25. cxd4 Kh7 26. Qe3 Rg8 27. Rb5
Bg6 28. h4 Raf8 29. h5 Be8 30. Rbf5 Rg5 31. e5 Rxf5 32. Bb1 Bxh5 33. Rxf5 Bg6
34. Rh5 Qg7 35. e7 Re8 36. exf6 Nd5 37. Rxd5 Qxf6 38. Bxg6+ Kxg6 39. Qe4+ Kg7
40. Re5 b5 41. d5 1-0

[Event "Moscow Aeroflot op-A 18th"]
[Site "Moscow"]
[Date "2019.02.20"]
[Round "1"]
[White "Zhu, Jiner"]
[Black "Vaibhav, Suri"]
[Result "1-0"]
[WhiteElo "2442"]
[BlackElo "2575"]
[PlyCount "103"]
[EventDate "2019.02.20"]
[EventType "swiss"]
[EventRounds "9"]
[EventCountry "RUS"]
[SourceTitle "CBM 189"]
[Source "ChessBase"]
[SourceDate "2019.04.29"]
[SourceVersion "1"]
[SourceVersionDate "2019.04.29"]
[SourceQuality "1"]

1. e4 c6 2. d4 d5 3. e5 c5 4. Nf3 Nc6 5. c4 cxd4 6. Nxd4 e6 7. Nc3 Bc5 8. Nxc6
bxc6 9. cxd5 cxd5 10. b4 Be7 11. Bd2 Nh6 12. Bd3 O-O 13. Rb1 f6 14. exf6 Bxf6
15. O-O Kh8 16. Qe2 Nf5 17. Rfd1 g6 18. Rbc1 Rb8 19. b5 Nd4 20. Qe1 e5 21. Be3
Bg4 22. Bxd4 exd4 23. Ne2 Bh4 24. g3 Bg5 25. f4 Bf6 26. Qf2 Qa5 27. h3 Bxh3 28.
Nxd4 Rbe8 29. Nb3 Qa4 30. Qh2 Bg4 31. Bxg6 Re7 32. Rxd5 Qb4 33. Rd2 Qxb5 34.
Qh6 Rg8 35. Bd3 Qb6+ 36. Kh2 Rd8 37. Rcc2 Rg7 38. Be4 Rxd2+ 39. Rxd2 a5 40. Rc2
a4 41. Nc5 a3 42. f5 Bd1 43. Nd7 Qd8 44. Qxf6 Qxd7 45. Rc5 h6 46. Rd5 Qe7 47.
Rd8+ Kh7 48. Qxe7 Rxe7 49. f6+ Rxe4 50. f7 Re2+ 51. Kh3 Rf2 52. f8=Q 1-0

[Event "Moscow Aeroflot op-A 18th"]
[Site "Moscow"]
[Date "2019.02.21"]
[Round "2"]
[White "Abdusattorov, Nodirbek"]
[Black "Nabaty, Tamir"]
[Result "1/2-1/2"]
[WhiteElo "2560"]
[BlackElo "2688"]
[PlyCount "104"]
[EventDate "2019.02.20"]
[EventType "swiss"]
[EventRounds "9"]
[EventCountry "RUS"]
[SourceTitle "CBM 189"]
[Source "ChessBase"]
[SourceDate "2019.04.29"]
[SourceVersion "1"]
[SourceVersionDate "2019.04.29"]
[SourceQuality "1"]

1. e4 e5 2. Nf3 Nc6 3. Nc3 Nf6 4. d4 exd4 5. Nxd4 Bb4 6. Nxc6 bxc6 7. Bd3 O-O
8. O-O d5 9. exd5 cxd5 10. h3 c5 11. Bg5 Bb7 12. Qf3 h6 13. Bh4 Re8 14. Rfe1
Qb6 15. Rxe8+ Rxe8 16. Na4 Qc6 17. Bxf6 c4 18. Bc3 Qxa4 19. Bf1 d4 20. Qxb7
dxc3 21. bxc3 Bxc3 22. Rd1 Qxa2 23. Qc6 Rf8 24. Qxc4 Qxc4 25. Bxc4 Rc8 26. Bb3
Rc7 27. Rd8+ Kh7 28. g4 g5 29. Kg2 Kg7 30. Kf3 Ba5 31. Rd5 Bb6 32. Rf5 a5 33.
Ke2 Ra7 34. Ba4 Ra8 35. f4 gxf4 36. Rxf4 Rd8 37. Bb3 Re8+ 38. Kf1 Re7 39. Rf5
Ra7 40. Ba4 Re7 41. Bb3 Ra7 42. Ba4 Rc7 43. Bb3 Bc5 44. Ke2 Bb4 45. h4 Ra7 46.
Ba4 Ra6 47. Bb3 Rf6 48. Rxf6 Kxf6 49. h5 Kg5 50. Bxf7 Kxg4 51. Kd3 a4 52. c3
Be7 1/2-1/2

[Event "Moscow Aeroflot op-A 18th"]
[Site "Moscow"]
[Date "2019.02.21"]
[Round "2"]
[White "Alekseenko, Kirill"]
[Black "Sunilduth Lyna, Narayanan"]
[Result "0-1"]
[WhiteElo "2634"]
[BlackElo "2593"]
[PlyCount "114"]
[EventDate "2019.02.20"]
[EventType "swiss"]
[EventRounds "9"]
[EventCountry "RUS"]
[SourceTitle "CBM 189"]
[Source "ChessBase"]
[SourceDate "2019.04.29"]
[SourceVersion "1"]
[SourceVersionDate "2019.04.29"]
[SourceQuality "1"]

1. e4 e5 2. Nf3 Nc6 3. Bb5 a6 4. Ba4 Nf6 5. O-O Be7 6. Re1 b5 7. Bb3 O-O 8. a4
b4 9. d3 d6 10. a5 Rb8 11. Nbd2 Be6 12. Bxe6 fxe6 13. Nc4 Nd7 14. h3 Rb5 15.
Bd2 Nc5 16. Be3 Nb7 17. c3 bxc3 18. bxc3 Bf6 19. Na3 Rxa5 20. Nd2 Bg5 21. Bxg5
Qxg5 22. Ndc4 Qf6 23. Nxa5 Qxf2+ 24. Kh1 Nbxa5 25. Nc2 Qc5 26. Qg4 Rf6 27. Rf1
Rg6 28. Qf3 Rf6 29. Qh5 Rg6 30. Rf3 Nb8 31. d4 Qb5 32. Qh4 Nac6 33. Raf1 h6 34.
d5 exd5 35. Ne3 d4 36. c4 Qb2 37. Ng4 Nd7 38. Rg3 Qd2 39. Rf5 a5 40. Kh2 a4 41.
Nf6+ Rxf6 42. Rxf6 Qg5 43. Rxg5 hxg5 44. Qg4 Nxf6 45. Qc8+ Kh7 46. Qa6 Nb4 47.
Qxa4 Nd3 48. Qc6 Nc5 49. Qxc7 Nfxe4 50. h4 gxh4 51. Qf7 Kh6 52. Kg1 d3 53. Qf8
d2 54. Qh8+ Kg6 55. Qe8+ Kg5 56. Qd8+ Kg4 57. Qc8+ Kf4 0-1

[Event "Moscow Aeroflot op-A 18th"]
[Site "Moscow"]
[Date "2019.02.21"]
[Round "2"]
[White "Arjun, Kalyan"]
[Black "Yakubboev, Nodirbek"]
[Result "1/2-1/2"]
[WhiteElo "2444"]
[BlackElo "2569"]
[PlyCount "94"]
[EventDate "2019.02.20"]
[EventType "swiss"]
[EventRounds "9"]
[EventCountry "RUS"]
[SourceTitle "CBM 189"]
[Source "ChessBase"]
[SourceDate "2019.04.29"]
[SourceVersion "1"]
[SourceVersionDate "2019.04.29"]
[SourceQuality "1"]

1. e4 c5 2. Nf3 d6 3. d4 cxd4 4. Nxd4 Nf6 5. Nc3 a6 6. Be3 e5 7. Nf3 Be7 8. Bc4
Be6 9. Bxe6 fxe6 10. Ng5 Qd7 11. Qf3 d5 12. O-O-O d4 13. Bxd4 exd4 14. e5 O-O
15. Qh3 h6 16. Nxe6 Nh7 17. Rxd4 Qc8 18. Nd5 Nc6 19. Nxe7+ Nxe7 20. Qb3 Kh8 21.
Nxf8 Nxf8 22. Rhd1 Nc6 23. Rd5 b5 24. f4 Qf5 25. g3 Rc8 26. Qd3 Qh3 27. Qd2 Qf5
28. a3 b4 29. Qd3 Qh3 30. Qxa6 bxa3 31. Qxa3 Ng6 32. Rc5 Qg2 33. b4 Rb8 34. b5
Nce7 35. Rc7 Nf5 36. Qc5 Kh7 37. b6 Qxh2 38. e6 Qxg3 39. b7 Qxf4+ 40. Kb2 Qe4
41. Rdd7 Nf4 42. Rxg7+ Nxg7 43. Rxg7+ Kxg7 44. Qc7+ Kf6 45. Qxb8 Qb4+ 46. Ka2
Qa4+ 47. Kb2 Qb4+ 1/2-1/2

[Event "Moscow Aeroflot op-A 18th"]
[Site "Moscow"]
[Date "2019.02.21"]
[Round "2"]
[White "Dai, Changren"]
[Black "Lalith, Babu MR"]
[Result "1-0"]
[WhiteElo "2473"]
[BlackElo "2556"]
[PlyCount "63"]
[EventDate "2019.02.20"]
[EventType "swiss"]
[EventRounds "9"]
[EventCountry "RUS"]
[SourceTitle "CBM 189"]
[Source "ChessBase"]
[SourceDate "2019.04.29"]
[SourceVersion "1"]
[SourceVersionDate "2019.04.29"]
[SourceQuality "1"]

1. e4 e5 2. Nf3 Nc6 3. Bb5 a6 4. Ba4 Nf6 5. O-O Nxe4 6. d4 b5 7. Bb3 d5 8. dxe5
Be6 9. Nbd2 Be7 10. c3 O-O 11. Bc2 f5 12. Nb3 Qd7 13. Nfd4 Nxd4 14. Nxd4 c5 15.
Nxe6 Qxe6 16. f3 Ng5 17. a4 Rad8 18. axb5 axb5 19. Ra7 g6 20. Qe2 Rd7 21. Ra5
c4 22. Be3 Qxe5 23. Qd2 Ne6 24. Rxb5 Rb8 25. Rxb8+ Qxb8 26. Ba4 Rd8 27. Re1 Bf6
28. Bf2 Qd6 29. Qe3 Kf7 30. Qa7+ Qe7 31. Qb6 Qd6 32. Be8+ 1-0

[Event "Moscow Aeroflot op-A 18th"]
[Site "Moscow"]
[Date "2019.02.21"]
[Round "2"]
[White "Flom, Gabriel"]
[Black "Pourramezanali, Amirreza"]
[Result "1-0"]
[WhiteElo "2460"]
[BlackElo "2529"]
[PlyCount "47"]
[EventDate "2019.02.20"]
[EventType "swiss"]
[EventRounds "9"]
[EventCountry "RUS"]
[SourceTitle "CBM 189"]
[Source "ChessBase"]
[SourceDate "2019.04.29"]
[SourceVersion "1"]
[SourceVersionDate "2019.04.29"]
[SourceQuality "1"]

1. d4 d5 2. c4 dxc4 3. e4 Nf6 4. e5 Nd5 5. Bxc4 Bf5 6. Nc3 Nb4 7. g4 Bg6 8.
Qa4+ N8c6 9. d5 Nc2+ 10. Kf1 Nxa1 11. dxc6 b6 12. e6 f6 13. Bf4 Bc2 14. b3 g5
15. Bxc7 Bd3+ 16. Nge2 Bxe2+ 17. Bxe2 Qc8 18. Bg3 Bg7 19. c7+ Kf8 20. Qe4 Kg8
21. Nd5 Bf8 22. Kg2 Nc2 23. Qxc2 Qxe6 24. Ne3 1-0

[Event "Moscow Aeroflot op-A 18th"]
[Site "Moscow"]
[Date "2019.02.21"]
[Round "2"]
[White "Goganov, Aleksey"]
[Black "Afanasiev, Nikita"]
[Result "1/2-1/2"]
[WhiteElo "2612"]
[BlackElo "2508"]
[PlyCount "88"]
[EventDate "2019.02.20"]
[EventType "swiss"]
[EventRounds "9"]
[EventCountry "RUS"]
[SourceTitle "CBM 189"]
[Source "ChessBase"]
[SourceDate "2019.04.29"]
[SourceVersion "1"]
[SourceVersionDate "2019.04.29"]
[SourceQuality "1"]

1. d4 Nf6 2. c4 g6 3. Nc3 d5 4. Bg5 Ne4 5. Bh4 Nxc3 6. bxc3 Bg7 7. cxd5 Qxd5 8.
e3 c5 9. Nf3 Nc6 10. Be2 b6 11. O-O cxd4 12. Nxd4 Bd7 13. Bf3 Qc5 14. Nb3 Qc4
15. Bg3 Rc8 16. Bd5 Qg4 17. Rc1 Qxd1 18. Rfxd1 e6 19. Bc4 Nb8 20. Be2 Ba4 21.
Bd6 Bf6 22. Bf3 Nc6 23. c4 Be7 24. c5 Bxd6 25. Rxd6 Ke7 26. Rd2 Ne5 27. Be2
Bxb3 28. axb3 Rxc5 29. Rxc5 bxc5 30. Ra2 Ra8 31. f4 Nd7 32. Bf3 Rb8 33. Rxa7
Rxb3 34. Bc6 Rd3 35. Kf2 c4 36. Ke2 Rd6 37. Bb5 c3 38. Rxd7+ Rxd7 39. Bxd7 Kxd7
40. Kd3 Kd6 41. Kxc3 Kd5 42. Kd3 f5 43. h3 h6 44. g3 e5 1/2-1/2

[Event "Moscow Aeroflot op-A 18th"]
[Site "Moscow"]
[Date "2019.02.21"]
[Round "2"]
[White "Gordievsky, Dmitry"]
[Black "Gagare, Shardul"]
[Result "1-0"]
[WhiteElo "2603"]
[BlackElo "2495"]
[PlyCount "105"]
[EventDate "2019.02.20"]
[EventType "swiss"]
[EventRounds "9"]
[EventCountry "RUS"]
[SourceTitle "CBM 189"]
[Source "ChessBase"]
[SourceDate "2019.04.29"]
[SourceVersion "1"]
[SourceVersionDate "2019.04.29"]
[SourceQuality "1"]

1. Nf3 d5 2. c4 c6 3. g3 Nf6 4. Bg2 Bf5 5. Qb3 Qb6 6. d3 e6 7. Be3 Qxb3 8. axb3
a6 9. Bd4 Nbd7 10. Bc3 Bd6 11. Nh4 Bg6 12. Nxg6 hxg6 13. b4 e5 14. Na3 Ke7 15.
Nc2 Rad8 16. h3 Rhe8 17. b3 e4 18. dxe4 dxe4 19. O-O-O Be5 20. Kb2 Bxc3+ 21.
Kxc3 c5 22. g4 cxb4+ 23. Nxb4 Kf8 24. g5 Nh5 25. e3 f6 26. h4 Nc5 27. Rxd8 Rxd8
28. Nd5 Re8 29. Rg1 Re5 30. Bh3 Kf7 31. b4 Ne6 32. Bxe6+ Rxe6 33. Kd4 Re5 34.
Rg4 Rf5 35. Rxe4 Rxf2 36. Re7+ Kf8 37. Rxb7 Ng3 38. Rb8+ Kf7 39. Rb7+ Kf8 40.
Kc5 Ne4+ 41. Kb6 fxg5 42. hxg5 Rd2 43. Kxa6 Nxg5 44. Nf4 Ne4 45. Nxg6+ Kg8 46.
c5 Rg2 47. Ne7+ Kf8 48. c6 Nd6 49. Rd7 Ra2+ 50. Kb6 Nc4+ 51. Kb7 Ne5 52. Ng6+
Nxg6 53. c7 1-0

[Event "Moscow Aeroflot op-A 18th"]
[Site "Moscow"]
[Date "2019.02.21"]
[Round "2"]
[White "Hakobyan, Aram"]
[Black "Gavrilescu, David"]
[Result "1/2-1/2"]
[WhiteElo "2545"]
[BlackElo "2479"]
[PlyCount "100"]
[EventDate "2019.02.20"]
[EventType "swiss"]
[EventRounds "9"]
[EventCountry "RUS"]
[SourceTitle "CBM 189"]
[Source "ChessBase"]
[SourceDate "2019.04.29"]
[SourceVersion "1"]
[SourceVersionDate "2019.04.29"]
[SourceQuality "1"]

1. c4 e6 2. Nc3 d5 3. d4 Bb4 4. cxd5 exd5 5. Bf4 c6 6. e3 Ne7 7. Bd3 Bd6 8. Bg3
Bf5 9. Nf3 O-O 10. Ne5 Bxd3 11. Qxd3 Ng6 12. O-O Nxe5 13. dxe5 Bc7 14. e4 Nd7
15. exd5 Nxe5 16. Qd4 Re8 17. Rad1 Bb6 18. Qe4 Ng6 19. Qf3 Qd7 20. d6 Rad8 21.
Rfe1 Bd4 22. h4 Ne5 23. Qh5 Bxc3 24. bxc3 Nc4 25. Qc5 Nb6 26. Qa5 Nd5 27. c4 b6
28. Qd2 Nf6 29. Be5 Ng4 30. Bf4 h6 31. Qc3 Qf5 32. Qf3 Nf6 33. Rxe8+ Nxe8 34.
Qe3 Nf6 35. Bg3 Qc2 36. Qb3 Qe2 37. a4 Ne4 38. a5 bxa5 39. Qf3 Qxc4 40. Bf4 Nc3
41. Re1 Nd5 42. Bg3 Nf6 43. Qe3 c5 44. Rc1 Qd4 45. Qxd4 cxd4 46. Rd1 Ne4 47.
Rxd4 Nxg3 48. fxg3 Rd7 49. Kf2 f6 50. Rd5 a6 1/2-1/2

[Event "Moscow Aeroflot op-A 18th"]
[Site "Moscow"]
[Date "2019.02.21"]
[Round "2"]
[White "Harika, Dronavalli"]
[Black "Martirosyan, Haik M"]
[Result "1/2-1/2"]
[WhiteElo "2471"]
[BlackElo "2616"]
[PlyCount "99"]
[EventDate "2019.02.20"]
[EventType "swiss"]
[EventRounds "9"]
[EventCountry "RUS"]
[SourceTitle "CBM 189"]
[Source "ChessBase"]
[SourceDate "2019.04.29"]
[SourceVersion "1"]
[SourceVersionDate "2019.04.29"]
[SourceQuality "1"]

1. e4 e6 2. d4 d5 3. exd5 exd5 4. Nf3 Bd6 5. c4 Nf6 6. Nc3 dxc4 7. Bxc4 O-O 8.
O-O Bg4 9. h3 Bh5 10. Re1 Nbd7 11. g4 Bg6 12. Ne5 c5 13. Nxg6 hxg6 14. dxc5
Bxc5 15. Be3 Qa5 16. Qa4 Qxa4 17. Nxa4 Bxe3 18. Rxe3 Rfe8 19. Rae1 Rxe3 20.
Rxe3 Rc8 21. Bb3 Kf8 22. Nc3 Nc5 23. Nd5 Rd8 24. Nxf6 gxf6 25. Bc4 a5 26. b3
Rd2 27. Re2 Rd4 28. f3 g5 29. Kf2 Rd1 30. Re1 Rd8 31. Kg3 Rd2 32. Re2 Rd1 33.
f4 b6 34. fxg5 fxg5 35. Kg2 f6 36. Kh2 Rd4 37. Bb5 Re4 38. Rxe4 Nxe4 39. Bd3
Nc3 40. a3 Ke7 41. Kg3 Kd6 42. h4 gxh4+ 43. Kxh4 Ke5 44. Kh5 Nd5 45. Bf5 Ne3
46. Bd3 Kf4 47. Be2 Nc2 48. Kg6 Ke5 49. a4 Nd4 50. Bc4 1/2-1/2

[Event "Moscow Aeroflot op-A 18th"]
[Site "Moscow"]
[Date "2019.02.21"]
[Round "2"]
[White "Idani, Pouya"]
[Black "Aditya, Mittal"]
[Result "1-0"]
[WhiteElo "2604"]
[BlackElo "2454"]
[PlyCount "149"]
[EventDate "2019.02.20"]
[EventType "swiss"]
[EventRounds "9"]
[EventCountry "RUS"]
[SourceTitle "CBM 189"]
[Source "ChessBase"]
[SourceDate "2019.04.29"]
[SourceVersion "1"]
[SourceVersionDate "2019.04.29"]
[SourceQuality "1"]

1. e4 c5 2. Nf3 d6 3. d4 cxd4 4. Nxd4 Nf6 5. Nc3 a6 6. Be2 e5 7. Nb3 Be7 8. Be3
Be6 9. h4 Nc6 10. Nd5 Bxd5 11. exd5 Na5 12. Qd2 Nxb3 13. axb3 Nd7 14. g3 O-O
15. g4 Qc7 16. g5 e4 17. Ra4 Nc5 18. Bxc5 dxc5 19. Rxe4 Bd6 20. Qe3 Qa5+ 21.
Kf1 Qa1+ 22. Kg2 Qxb2 23. Bd3 b5 24. h5 Rac8 25. Rhh4 c4 26. bxc4 b4 27. Rh1
Bc5 28. Qc1 Qxc1 29. Rxc1 a5 30. Ra1 Ra8 31. Ra4 g6 32. f3 Rfd8 33. Re1 Kg7 34.
f4 gxh5 35. Rh1 h6 36. Rxh5 hxg5 37. Rh7+ Kf6 38. Rh6+ Ke7 39. Rc6 Rdc8 40.
Rxa5 Rxa5 41. Rxc8 gxf4 42. Rc7+ Ke8 43. Kf3 Bd6 44. Rb7 Ra8 45. Rb5 Rc8 46.
Ke4 f6 47. Rb7 Kd8 48. Rf7 Rc7 49. Rxf6 Re7+ 50. Kf5 Re5+ 51. Kg6 Ke7 52. Bf5
Re2 53. Rf7+ Ke8 54. Bd7+ Kd8 55. Ba4 Rg2+ 56. Kh5 Kc8 57. Rf6 Rh2+ 58. Kg6
Rg2+ 59. Kf5 f3 60. Ke6 Bc5 61. Rxf3 Re2+ 62. Kf7 Kc7 63. Rf6 Re7+ 64. Kg6 Kb7
65. d6 Re2 66. d7 Rd2 67. Rc6 Bb6 68. Rc8 Bc7 69. c5 Rd1 70. Bb5 Rd5 71. Ba4
Rd2 72. Kf5 Rf2+ 73. Ke4 Rd2 74. Rg8 Ka7 75. Bc6 1-0

[Event "Moscow Aeroflot op-A 18th"]
[Site "Moscow"]
[Date "2019.02.21"]
[Round "2"]
[White "Inarkiev, Ernesto"]
[Black "Esipenko, Andrey"]
[Result "1/2-1/2"]
[WhiteElo "2692"]
[BlackElo "2603"]
[PlyCount "93"]
[EventDate "2019.02.20"]
[EventType "swiss"]
[EventRounds "9"]
[EventCountry "RUS"]
[SourceTitle "CBM 189"]
[Source "ChessBase"]
[SourceDate "2019.04.29"]
[SourceVersion "1"]
[SourceVersionDate "2019.04.29"]
[SourceQuality "1"]

1. c4 c5 2. Nf3 Nf6 3. Nc3 d5 4. cxd5 Nxd5 5. e4 Nb4 6. Bc4 Nd3+ 7. Ke2 Nf4+ 8.
Kf1 Nd3 9. Ke2 Nf4+ 10. Kf1 Nd3 11. Qe2 Nxc1 12. Rxc1 e6 13. Bb5+ Bd7 14. g3
Be7 15. Kg2 O-O 16. Rhd1 a6 17. Bxd7 Nxd7 18. d4 cxd4 19. Rxd4 Qe8 20. e5 Rc8
21. Rcd1 Nb6 22. Re4 Qc6 23. Nd4 Qc7 24. Rc1 Rfe8 25. Rc2 Qd7 26. Rd2 Nc4 27.
Rd3 Qc7 28. a4 Red8 29. Ndb5 axb5 30. Nxb5 Qc5 31. b4 Qxb4 32. Rxd8+ Bxd8 33.
Nd6 Rc7 34. Rxc4 Rxc4 35. Qxc4 Qxc4 36. Nxc4 Kf8 37. Kf3 Be7 38. Na5 b6 39. Nc6
Bc5 40. a5 bxa5 41. Nxa5 h5 42. h3 Bd4 43. Nc6 Bc5 44. Na5 Bd4 45. Nc6 Bc5 46.
Na5 Bd4 47. Nc6 1/2-1/2

[Event "Moscow Aeroflot op-A 18th"]
[Site "Moscow"]
[Date "2019.02.21"]
[Round "2"]
[White "Iniyan, Panneerseluam"]
[Black "Kobalia, Mihail"]
[Result "1/2-1/2"]
[WhiteElo "2480"]
[BlackElo "2627"]
[PlyCount "34"]
[EventDate "2019.02.20"]
[EventType "swiss"]
[EventRounds "9"]
[EventCountry "RUS"]
[SourceTitle "CBM 189"]
[Source "ChessBase"]
[SourceDate "2019.04.29"]
[SourceVersion "1"]
[SourceVersionDate "2019.04.29"]
[SourceQuality "1"]

1. d4 d5 2. c4 c6 3. Nf3 Nf6 4. Nc3 a6 5. g3 dxc4 6. a4 a5 7. Bg2 g6 8. O-O Bg7
9. e4 Bg4 10. Qe2 O-O 11. Qxc4 Na6 12. Be3 Nb4 13. Rac1 Nd7 14. Rfd1 Nb6 15.
Qc5 Nd7 16. Qc4 Nb6 17. Qc5 Nd7 1/2-1/2